The oil fields of Allen county, Kentucky, (Record no. 25935)
[ view plain ]
| 000 -LEADER | |
|---|---|
| fixed length control field | 01107cam a22002651 4500 |
| 001 - CONTROL NUMBER | |
| control field | gs 19000211 |
| 003 - CONTROL NUMBER IDENTIFIER | |
| control field | DLC |
| 005 - DATE AND TIME OF LATEST TRANSACTION | |
| control field | 20260227111323.0 |
| 008 - FIXED-LENGTH DATA ELEMENTS--GENERAL INFORMATION | |
| fixed length control field | 830126s1919 dcuab f000 0 eng c |
| 010 ## - LIBRARY OF CONGRESS CONTROL NUMBER | |
| LC control number | gs 19000211 |
| 040 ## - CATALOGING SOURCE | |
| Original cataloging agency | U.S. Geol. Survey. Library |
| Transcribing agency | CarP |
| Modifying agency | DLC |
| 043 ## - GEOGRAPHIC AREA CODE | |
| Geographic area code | n-us-ky |
| 050 00 - LIBRARY OF CONGRESS CALL NUMBER | |
| Classification number | QE75 |
| Item number | .B9 no. 688 |
| 051 ## - LIBRARY OF CONGRESS COPY, ISSUE, OFFPRINT STATEMENT | |
| Classification number | TN872.K4 |
| Item number | S5 |
| 100 1# - MAIN ENTRY--PERSONAL NAME | |
| Personal name | Shaw, E. W. |
| Fuller form of name | (Eugene Wesley), |
| Dates associated with a name | 1881-1935. |
| 245 14 - TITLE STATEMENT | |
| Title | The oil fields of Allen county, Kentucky, |
| Remainder of title | with notes on the oil geology of adjoining counties, |
| Statement of responsibility, etc. | by Eugene Wesley Shaw and Kirtley F. Mather. |
| 260 ## - PUBLICATION, DISTRIBUTION, ETC. | |
| Place of publication, distribution, etc. | Washington, |
| Name of publisher, distributor, etc. | Govt. print. off., |
| Date of publication, distribution, etc. | 1919. |
| 300 ## - PHYSICAL DESCRIPTION | |
| Extent | 126 p. |
| Other physical details | illus., x pl. (part fold., incl. maps) diagrs. |
| Dimensions | 23 cm. |
| 440 #0 - SERIES STATEMENT/ADDED ENTRY--TITLE | |
| Title | U.S. Geological Survey bulletin |
| Volume/sequential designation | 688 |
| 500 ## - GENERAL NOTE | |
| General note | At head of title: Department of the interior. |
| 650 #0 - SUBJECT ADDED ENTRY--TOPICAL TERM | |
| Topical term or geographic name entry element | Petroleum |
| General subdivision | Geology |
| Geographic subdivision | Kentucky |
| General subdivision | Allen County. |
| 650 #0 - SUBJECT ADDED ENTRY--TOPICAL TERM | |
| Topical term or geographic name entry element | Petroleum |
| Geographic subdivision | Kentucky |
| General subdivision | Allen County. |
| 700 1# - ADDED ENTRY--PERSONAL NAME | |
| Personal name | Mather, Kirtley F. |
| Fuller form of name | (Kirtley Fletcher), |
| Dates associated with a name | 1888-1978. , |
| Relator term | joint author. |
| 830 #0 - SERIES ADDED ENTRY--UNIFORM TITLE | |
| Uniform title | U.S. Geological Survey bulletinBulletin (United States Geological Survey) ; |
| Volume/sequential designation | 688. |
No items available.